000 00857nmm a2200277 a 4500
001 ocm000552587
003 TR-IsHL
005 20201028115931.0
008 130625s2004 tu tur
007 cr cn
020 _a9789754541014
035 _a552587
_b(N$T)
050 0 4 _aPL248.R43
_bA7 2004
090 0 4 _aPL248.R43
_bA7 2004
100 1 _aEkrem, Recaizade Mahmut
245 1 0 _aAraba sevdası
_h[electronic resource] /
_cRecaizade Mahmut Ekrem
250 _a1. bs.
260 _aİstanbul :
_bÇağrı Yayınları,
_c2004
300 _a254 p.
650 4 _aDil ve Edebiyat
650 4 _aLanguage and Literature
650 0 _aTürk romanı
650 0 _aTurkish fiction
650 7 _aLITERARY COLLECTIONS / Middle Eastern
_2bisacsh
856 4 0 _uhttp://search.ebscohost.com/login.aspx?direct=true&scope=site&db=e011xww&AN=552587
999 _c519
_d519